[Event "Niederbayernliga 1213"]
[Site "Bayern"]
[Date "2013.??.??"]
[Round "5"]
[White "Avdijaj, Avdullah"]
[Black "Yazici, Arda"]
[Result "1/2-1/2"]
[WhiteElo "1693"]
[BlackElo "1775"]
[PlyCount "50"]
[EventDate "2012.10.14"]
[EventType "team-tourn"]
[EventRounds "9"]
[EventCountry "GER"]
[SourceTitle "EXT 2023"]
[Source "ChessBase"]
[SourceDate "2022.10.05"]
[SourceVersion "1"]
[SourceVersionDate "2022.10.05"]
[SourceQuality "1"]
[WhiteTeam "Schaibing"]
[BlackTeam "Regen/Viechtach"]
[WhiteTeamCountry "GER"]
[BlackTeamCountry "GER"]

1. e4 c6 2. d4 d5 3. e5 Bf5 4. Bd3 Bxd3 5. Qxd3 e6 6. Ne2 c5 7. Qb5+ Qd7 8. Qxd7+ Nxd7 9. c3 cxd4 10. cxd4 Bb4+ 11. Nbc3 Ne7 12. 0-0 a6 13. Bg5 h6 14. Bd2 0-0 15. a3 Ba5 16. Rfd1 Bb6 17. Na4 Ba7 18. Bb4 Rfe8 19. Rac1 Nc6 20. Bd6 Bb8 21. Bxb8 Raxb8 22. b4 Rec8 23. Rc3 Na7 24. Rdc1 Rxc3 25. Rxc3 Rc8 1/2-1/2

[Event "Niederbayernliga 0910"]
[Site "Germany"]
[Date "2009.11.15"]
[Round "2.7"]
[White "Foierl, Siegfried"]
[Black "Yazici, Arda"]
[Result "1/2-1/2"]
[WhiteElo "1575"]
[BlackElo "1844"]
[PlyCount "36"]
[EventDate "2009.10.18"]
[EventType "team-tourn"]
[EventRounds "9"]
[EventCountry "GER"]
[SourceTitle "EXT 2011"]
[Source "ChessBase"]
[SourceDate "2010.11.26"]
[SourceVersion "1"]
[SourceVersionDate "2010.11.26"]
[SourceQuality "1"]
[WhiteTeam "Geiselhoering"]
[BlackTeam "Bayerwald"]
[WhiteTeamCountry "GER"]
[BlackTeamCountry "GER"]

1. c4 e6 2. Nf3 d5 3. cxd5 exd5 4. d4 c6 5. Bf4 Nf6 6. Qb3 Nbd7 7. Nc3 Be7 8. e3 0-0 9. h3 Re8 10. Bd3 Nf8 11. 0-0 Nh5 12. Bh2 Bd6 13. Be5 Ng6 14. Bxd6 Qxd6 15. Qc2 Nf6 16. Bf5 Bxf5 17. Qxf5 Qe6 18. Qd3 Ne4 1/2-1/2